Countering design exclusion : an introduction to inclusive design

Saved in:
Bibliographic Details
Main Author: Keates, Simeon
Other Authors: Clarkson, John 1961-
Format: Book
Language:English
Published: London : Springer, c2003
Subjects:
Tags: Add Tag
No Tags, Be the first to tag this record!

MARC

LEADER 00000nam a2200000 i 4500
001 1/72288
008 050225s2003 eng d
020 |a 1-85233-699-4 
035 |l 10076777 
040 |a GR-MY-UA  |b gre  |e aacr 
041 0 |a eng 
082 0 |a 620.0042  |2 (21) 
100 1 |a Keates, Simeon. 
245 1 0 |a Countering design exclusion :  |b an introduction to inclusive design /  |c Simeon Keates and John Clarkson 
260 |a London :   |b Springer,   |c c2003 
300 |a 227 σ.;  |b έγχρ. εικ.;  |c 25 εκ. 
504 |a Περιλαμβάνει βιβλιογραφίες και ευρετήριο. 
650 0 0 |a Engineering design. 
650 0 0 |a Barrier-free design. 
650 0 0 |a Universal design. 
700 1 |a Clarkson, John  |d 1961- 
852 |a INST  |b SYROS  |e 20050225  |h 620.0042 KEA  |p 005500004294  |q 005500004294  |t BK  |y 0 
901 |a BIBL5-2005-1 
909 |a Ε  |b 111621 
920 |a ΔΙΕΥΡΥΝΣΗ  |b ΕΠΕΑΕΚ-ΤΜΣΠΣ  |y ΣΥΡΟΣ  |z 2004-10 
970 |a ΚΟΝΤΟΥ  |b ΠΑΡΑΣΚΕΥΗ  |z 2005/02/25